[Event "Reykjavik Open 2025"]
[Site "Reykjavik"]
[Date "2025.04.13"]
[Round "6.129"]
[White "Mathews, Hans-Christian"]
[Black "Kiss, Inez"]
[Result "1-0"]
[WhiteElo "2196"]
[WhiteFideId "16241339"]
[BlackElo "1812"]
[BlackFideId "17004306"]
[Variant "Standard"]
[StudyName "ROpen 2025 - Rd6 - Boards 109-172"]
1. e4 c6 2. d4 d5 3. Nc3 dxe4 4. Nxe4 Nf6 5. Nxf6+ exf6 6. c3 Bd6 7. Bd3 O-O 8. Ne2 Re8 9. O-O Nd7 10. Bf4 Nf8 11. Bxd6 Qxd6 12. Ng3 g6 13. Qf3 f5 14. Ne2 b6 15. Rfd1 Bb7 16. Bc4 Ne6 17. h4 Qe7 18. Qg3 b5 19. Bd3 Qf6 20. Nf4 Nxf4 21. Qxf4 Rad8 22. Re1 a6 23. Rad1 Re7 24. b3 c5 25. Rxe7 Qxe7 26. Bf1 Be4 27. f3 Bb7 28. Kh2 Qd6 29. Kg3 cxd4 30. Rxd4 Qxf4+ 31. Kxf4 Rxd4+ 32. cxd4 f6 33. h5 Kf7 34. hxg6+ hxg6 35. a4 bxa4 36. Bc4+ Ke7 37. bxa4 a5 38. Bb5 Bc8 39. Ke3 Bd7 40. Bxd7 Kxd7 41. Kd3 Kc6 42. Kc4 g5 43. d5+ Kd6 44. Kd4 g4 45. f4 g3 46. Kc4 Kd7 47. Kc5 Kc7 48. d6+ Kd8 49. Kb6 Kd7 50. Kxa5 Kxd6 51. Kb6 Kd5 52. a5 Ke4 53. a6 Kxf4 54. a7 Ke3 55. a8=Q Kf2 56. Qf3+ 1-0

[Event "Reykjavik Open 2025"]
[Site "Reykjavik"]
[Date "2025.04.13"]
[Round "6.130"]
[White "Birkisson, Bjorn Holm"]
[Black "Hauksson, Helgi"]
[Result "1/2-1/2"]
[WhiteElo "2154"]
[WhiteFideId "2310600"]
[BlackElo "1804"]
[BlackFideId "2305593"]
[Variant "Standard"]
[StudyName "ROpen 2025 - Rd6 - Boards 109-172"]
1. e4 c6 2. d4 d5 3. e5 Bf5 4. Nd2 Nd7 5. Nb3 e6 6. Nf3 Ne7 7. Be2 Bg6 8. O-O Nf5 9. a4 Be7 10. a5 O-O 11. c4 b6 12. cxd5 cxd5 13. Bd2 Rc8 14. Bc3 Rc7 15. Ne1 h6 16. Nd3 Nb8 17. axb6 axb6 18. Qd2 Qd7 19. g3 Rfc8 20. Ra8 Ra7 21. Rxa7 Qxa7 22. Ra1 Qc7 23. Qd1 Nc6 24. Ra2 Na7 25. Nf4 Bh7 26. Qa1 Nc6 27. Ra8 Bf8 28. Rxc8 Qxc8 29. Qa4 Nfe7 30. Bd3 Qc7 31. Bxh7+ Kxh7 32. Qa8 Qc8 33. Qxc8 Nxc8 34. Kf1 N8a7 35. Ke2 Nb5 36. Ke3 g6 37. Ne2 h5 38. h4 Bh6+ 39. f4 Bf8 40. Nec1 Nxc3 41. bxc3 Ba3 42. Nd3 Ne7 43. Na1 Nf5+ 44. Kf3 Kg7 45. Nc2 Be7 46. Ne3 1/2-1/2

[Event "Reykjavik Open 2025"]
[Site "Reykjavik"]
[Date "2025.04.13"]
[Round "6.131"]
[White "Maciol, Ryszard"]
[Black "Matthiasson, Magnus"]
[Result "1-0"]
[WhiteElo "2135"]
[WhiteFideId "1118153"]
[BlackElo "1803"]
[BlackFideId "2306034"]
[Variant "Standard"]
[StudyName "ROpen 2025 - Rd6 - Boards 109-172"]
1. d4 Nf6 2. c4 e6 3. Nc3 Bb4 4. e3 b6 5. Ne2 Bb7 6. a3 Be7 7. b4 O-O 8. Bb2 d6 9. Ng3 Nbd7 10. f3 Re8 11. Be2 e5 12. d5 Nf8 13. O-O Ng6 14. Qc2 a5 15. Rac1 c6 16. dxc6 Bxc6 17. Rfd1 Qb8 18. Nf5 Bf8 19. b5 Bd7 20. Na4 Be6 21. Bd3 Qc7 22. Qf2 Nd7 23. h4 Bxf5 24. Bxf5 Red8 25. h5 Ne7 26. Bxd7 Rxd7 27. Bxe5 dxe5 28. Rxd7 Qxd7 29. Nxb6 Qb7 30. Nxa8 Qxa8 31. Qb2 Qb8 32. c5 g6 33. hxg6 hxg6 34. c6 Bh6 35. f4 exf4 36. c7 Qb7 37. Qe5 Nc8 38. Rd1 Bg7 39. Rd8+ Kh7 40. Qxf4 g5 41. Qf5+ 1-0

[Event "Reykjavik Open 2025"]
[Site "Reykjavik"]
[Date "2025.04.13"]
[Round "6.132"]
[White "Mlynek, Maksymilian"]
[Black "Ponnio, Toni"]
[Result "0-1"]
[WhiteElo "1798"]
[WhiteFideId "21013942"]
[BlackElo "2103"]
[BlackFideId "509604"]
[Variant "Standard"]
[StudyName "ROpen 2025 - Rd6 - Boards 109-172"]
1. d4 Nf6 2. Nc3 d5 3. Bf4 e6 4. e3 Bb4 5. Bd3 c5 6. dxc5 Nbd7 7. Nf3 Qa5 8. Qd2 Nxc5 9. O-O b6 10. Be5 Nce4 11. Bb5+ Bd7 12. Bxd7+ Nxd7 13. Qd3 Nxe5 14. Nxe5 Bxc3 15. bxc3 f6 16. Nf3 Nxc3 17. Nd4 Kf7 18. f4 Rac8 19. a4 Ne4 20. Qe2 h5 21. f5 e5 22. Ne6 Nc5 23. Qf3 Ne4 24. Qe2 Rc4 25. Qd3 g6 26. Ng5+ Nxg5 27. fxg6+ Kg7 28. Qf5 Rf8 29. h4 Rxh4 30. c4 Rg4 31. Qd7+ Kxg6 32. Qd6 Qd2 33. Qxd5 Qxe3+ 34. Rf2 Nh3+ 0-1

[Event "Reykjavik Open 2025"]
[Site "Reykjavik"]
[Date "2025.04.13"]
[Round "6.133"]
[White "Borne, Niels"]
[Black "Hald, Morten Hansen"]
[Result "1-0"]
[WhiteElo "2071"]
[WhiteFideId "602876"]
[BlackElo "1797"]
[BlackFideId "1437615"]
[Variant "Standard"]
[StudyName "ROpen 2025 - Rd6 - Boards 109-172"]
1. c4 Nf6 2. Nc3 e6 3. Nf3 Be7 4. e4 d6 5. d4 O-O 6. Bd3 Nc6 7. h3 e5 8. d5 Nb4 9. Be2 c6 10. O-O Na6 11. Be3 cxd5 12. cxd5 Nd7 13. Qd2 f5 14. exf5 Rxf5 15. Bd3 Rh5 16. Ne4 Ndc5 17. Ng3 Qe8 18. Nxh5 Qxh5 19. Be2 Ne4 20. Qd1 Qg6 21. Kh2 Nac5 22. Nd2 Bh4 23. Nxe4 Nxe4 24. Bg4 Bf5 25. Bxf5 Qxf5 26. Qg4 Qxg4 27. hxg4 Rf8 28. g3 Be7 29. Kg2 h6 30. Bxa7 Nf6 31. f3 Nxd5 32. Bf2 Nb4 33. a3 Nd3 34. Rad1 Nxb2 35. Rb1 Nc4 36. Rxb7 Bg5 37. a4 d5 38. Rd1 d4 39. f4 Bf6 40. fxe5 Bxe5 41. Rxd4 Rxf2+ 42. Kxf2 Bxd4+ 43. Ke2 Be5 44. Kd3 Nd6 45. Rd7 Kf8 46. a5 Ke8 47. a6 Nc8 48. a7 Nxa7 49. Rxa7 Kf8 50. Ke4 Bf6 51. Kf5 Ke8 52. Kg6 Be5 53. Rxg7 Bxg3 54. Kxh6 Be5 55. Kh7 Kf8 56. Rg8+ 1-0

[Event "Reykjavik Open 2025"]
[Site "Reykjavik"]
[Date "2025.04.13"]
[Round "6.134"]
[White "Gavran, Marinko"]
[Black "Alkin, Mert"]
[Result "1-0"]
[WhiteElo "2054"]
[WhiteFideId "14524848"]
[BlackElo "1795"]
[BlackFideId "34665005"]
[Variant "Standard"]
[StudyName "ROpen 2025 - Rd6 - Boards 109-172"]
1. d4 d5 2. Nf3 Nf6 3. c4 e6 4. Nc3 Bb4 5. Bg5 c6 6. Rc1 Nbd7 7. e3 Qa5 8. Qb3 Ne4 9. Bf4 Bd6 10. Bxd6 Nxd6 11. Bd3 b6 12. cxd5 cxd5 13. Ne5 Bb7 14. O-O Nxe5 15. dxe5 Nc4 16. Bxc4 dxc4 17. Qb5+ Qxb5 18. Nxb5 O-O 19. Rxc4 Bd5 20. Ra4 Bc6 21. Rb4 a5 22. Rb3 Bd5 23. Nc7 Bxb3 24. Nxa8 Rxa8 25. axb3 Rd8 26. Rc1 g6 27. h3 Rd5 28. f4 Rd3 29. Kf2 Rd2+ 30. Kf3 Rxb2 31. Rc3 b5 32. h4 Kf8 33. Rc8+ Ke7 34. Ra8 Rxb3 35. Rxa5 b4 36. Ra7+ Ke8 37. Rb7 Rb2 38. g3 b3 39. Kg4 Rb1 40. Kg5 b2 41. Kf6 Kd8 42. Kxf7 Kc8 43. Rb3 Kd7 44. Kf6 Rg1 45. Rxb2 Rxg3 46. Rd2+ Ke8 47. Rd3 Rh3 48. Kxe6 Rxh4 49. Kf6 Rh3 50. e6 Rh5 51. e4 Rc5 52. Ra3 Rc8 53. Ra7 1-0

[Event "Reykjavik Open 2025"]
[Site "Reykjavik"]
[Date "2025.04.13"]
[Round "6.136"]
[White "Bech, Havard Eriksen"]
[Black "Bloem, Milan"]
[Result "1-0"]
[WhiteElo "2024"]
[WhiteFideId "1564684"]
[BlackElo "1773"]
[BlackFideId "40108244"]
[Variant "Standard"]
[StudyName "ROpen 2025 - Rd6 - Boards 109-172"]
1. d4 Nf6 2. c4 e6 3. Nf3 d5 4. Nc3 Nbd7 5. Bf4 c6 6. e3 Qa5 7. Nd2 Bb4 8. Rc1 Bxc3 9. Rxc3 O-O 10. a3 dxc4 11. Nxc4 Qd8 12. Bg3 Ne4 13. Rc1 Nxg3 14. hxg3 Nf6 15. Bd3 Qd5 16. e4 Nxe4 17. Ne3 Qxd4 18. Rc4 Qxb2 19. Bxe4 f5 20. Bc2 Qf6 21. Qh5 h6 22. g4 fxg4 23. Nxg4 Qg5 24. Qxg5 hxg5 25. Ne5 Rf6 26. Rd4 1-0

[Event "Reykjavik Open 2025"]
[Site "Reykjavik"]
[Date "2025.04.13"]
[Round "6.137"]
[White "Subervi, Jonathan Sigfredo"]
[Black "Wahono, Richard"]
[Result "1-0"]
[WhiteElo "2020"]
[WhiteFideId "6400345"]
[BlackElo "1775"]
[BlackFideId "34647236"]
[Variant "Standard"]
[StudyName "ROpen 2025 - Rd6 - Boards 109-172"]
1. e4 c6 2. d4 d5 3. e5 Bf5 4. h4 h5 5. Bd3 Bxd3 6. Qxd3 e6 7. Bg5 Ne7 8. Nd2 Nd7 9. Ngf3 c5 10. c4 Qb6 11. O-O cxd4 12. Bxe7 Bxe7 13. cxd5 exd5 14. e6 Qxe6 15. Rfe1 Qf6 16. Qa3 Kf8 17. Qb3 Nb6 18. Rac1 Bd6 19. a4 a5 20. Qb5 g6 21. g3 Bb4 22. Rc7 Kg7 23. Rxb7 Rab8 24. Rxb8 Rxb8 25. Rc1 Qd8 26. Qd3 Nxa4 27. Nxd4 Bxd2 28. Qxd2 Rxb2 29. Qe3 Qf6 30. Rc6 Qd8 31. Qe5+ Kh7 32. Rc7 Kg8 33. Ne6 f6 34. Rg7+ Kh8 35. Qf4 g5 36. Qf5 Rb1+ 37. Qxb1 1-0

[Event "Reykjavik Open 2025"]
[Site "Reykjavik"]
[Date "2025.04.13"]
[Round "6.138"]
[White "Levin, Anthony"]
[Black "Standal, Egil Arne"]
[Result "1-0"]
[WhiteElo "2016"]
[WhiteFideId "30940680"]
[BlackElo "1766"]
[BlackFideId "1506978"]
[Variant "Standard"]
[StudyName "ROpen 2025 - Rd6 - Boards 109-172"]
1. e4 c6 2. d4 d5 3. e5 Bf5 4. h4 c5 5. dxc5 Nc6 6. Bb5 Qa5+ 7. Nc3 Rd8 8. Qd4 Rd7 9. Qa4 Qc7 10. Nf3 Nxe5 11. Bxd7+ Bxd7 12. Qxa7 Nxf3+ 13. gxf3 e6 14. Qa8+ Bc8 15. Bf4 Qxc5 16. O-O-O Be7 17. Na4 Qc6 18. Nb6 Qxb6 19. Qxc8+ Bd8 20. Bg5 Ne7 21. Bxe7 Kxe7 22. Rd3 Qc6 23. Qa8 Qa6 24. Qb8 Re8 25. Kb1 Kf8 26. Rb3 b6 27. Qd6+ Kg8 28. Qd7 Kf8 29. Ra3 Qc4 30. Ra8 Qc7 31. Qxc7 Bxc7 32. Rxe8+ Kxe8 33. h5 Ke7 34. c3 Kf6 35. Kc2 Kf5 36. Kd3 e5 37. a4 Kf4 38. Ke2 Bd8 39. Rd1 1-0

[Event "Reykjavik Open 2025"]
[Site "Reykjavik"]
[Date "2025.04.13"]
[Round "6.139"]
[White "Naga, Laxmi Seelam"]
[Black "Omarsson, Josef"]
[Result "0-1"]
[WhiteElo "1764"]
[WhiteFideId "25702475"]
[BlackElo "2011"]
[BlackFideId "2316102"]
[Variant "Standard"]
[StudyName "ROpen 2025 - Rd6 - Boards 109-172"]
1. e4 d6 2. d4 Nf6 3. Nc3 g6 4. Nf3 Bg7 5. Be2 O-O 6. O-O c6 7. Be3 Ng4 8. Qd2 Nxe3 9. fxe3 Nd7 10. Rad1 b5 11. a3 a5 12. Na2 Qb6 13. c3 Bh6 14. Ne1 Nf6 15. Bf3 Bb7 16. Nc2 c5 17. Qf2 Nxe4 18. Bxe4 Bxe4 19. Rfe1 b4 20. cxb4 axb4 21. Na1 bxa3 22. b3 Bg7 23. Qh4 Qb7 24. Rd2 Bf6 25. Qf2 cxd4 26. exd4 Rfc8 27. Qe3 Bf5 28. d5 Ra5 29. Qf3 Rac5 30. b4 Rc4 31. Qxa3 Bd4+ 32. Kh1 Bxa1 33. Rxa1 Be4 34. Rad1 Rc2 35. Qe3 f5 36. Rxc2 Rxc2 37. Rd2 Bxg2+ 38. Kg1 Rxd2 39. Qxd2 Bxd5 40. Nc3 Qb6+ 41. Kf1 Bc4+ 42. Ne2 e5 0-1

[Event "Reykjavik Open 2025"]
[Site "Reykjavik"]
[Date "2025.04.13"]
[Round "6.140"]
[White "Gudjonsson, Anton Vignir"]
[Black "Bleuzen, Cedric"]
[Result "0-1"]
[WhiteElo "1750"]
[WhiteFideId "2323664"]
[BlackElo "2003"]
[BlackFideId "632368"]
[Variant "Standard"]
[StudyName "ROpen 2025 - Rd6 - Boards 109-172"]
1. d4 d5 2. Bf4 e6 3. e3 c5 4. c3 Qb6 5. Qc2 Bd7 6. Nf3 Bb5 7. Bxb5+ Qxb5 8. Qe2 Qxe2+ 9. Kxe2 Nc6 10. Nbd2 Nf6 11. h3 Be7 12. Rhe1 O-O 13. Kf1 Rfd8 14. Rac1 Rac8 15. b3 cxd4 16. exd4 Ba3 17. Rb1 Ne7 18. c4 Bb4 19. Rec1 Ne4 20. Rc2 Nf5 21. g4 Ne7 22. c5 Nc6 23. Be3 f6 24. Kg2 Nc3 25. Re1 Nb5 26. Rd1 Na3 27. Rcc1 e5 28. Nf1 Nb5 29. Bd2 Bxd2 30. Rxd2 Nbxd4 31. Nxd4 Nxd4 32. b4 Ne6 33. Ne3 Nf4+ 34. Kg3 Rc7 35. Nf5 g6 36. Nh4 a6 37. Nf3 Ne6 38. h4 b6 39. c6 Rd6 40. a4 Rdxc6 41. Rxc6 Rxc6 42. Rxd5 Rc3 43. Rd6 Nd4 44. Rxf6 Kg7 45. Rxb6 Rxf3+ 46. Kg2 Rb3 47. g5 Nf5 48. b5 axb5 49. a5 Nxh4+ 50. Kf1 Ra3 51. a6 Kf8 52. Rb8+ Ke7 53. Rb7+ Ke6 54. a7 Nf3 55. Rxh7 Nxg5 56. Rb7 Ne4 57. Rxb5 Rxa7 58. Rb2 Rf7 59. Rb6+ Kf5 60. Kg2 Rd7 61. Rb2 Rd2 62. Rb8 Rxf2+ 63. Kg1 Re2 64. Kf1 Ra2 65. Rf8+ Kg4 66. Re8 Ng3+ 67. Kg1 Kf4 68. Rf8+ Nf5 69. Rb8 e4 70. Rb4 g5 71. Rb1 Nh4 72. Rf1+ Nf3+ 0-1

[Event "Reykjavik Open 2025"]
[Site "Reykjavik"]
[Date "2025.04.13"]
[Round "6.141"]
[White "Zamvar, Vipin"]
[Black "Kristinsson, Ogmundur"]
[Result "0-1"]
[WhiteElo "1733"]
[WhiteFideId "2403749"]
[BlackElo "2000"]
[BlackFideId "2304724"]
[Variant "Standard"]
[StudyName "ROpen 2025 - Rd6 - Boards 109-172"]
1. d4 e5 2. dxe5 d6 3. exd6 Bxd6 4. Nc3 Qe7 5. Nf3 Bg4 6. Qd5 Nc6 7. Qe4 Be6 8. Bg5 f6 9. Bf4 Bb4 10. Nd4 Nxd4 11. Qxd4 c5 12. Qe3 g5 13. Bg3 Rd8 14. a3 Ba5 15. Rd1 Nh6 16. Rxd8+ Bxd8 17. Qe4 O-O 18. h3 f5 19. Qa4 f4 20. Bh2 a6 21. Qe4 Qf7 22. f3 Bf6 23. Nd1 Qd7 24. e3 b5 25. c4 Kg7 26. exf4 Bf5 27. Qe2 Re8 28. Ne3 Bd4 29. Bg1 gxf4 30. Nxf5+ Nxf5 31. Bxd4+ Nxd4 0-1

[Event "Reykjavik Open 2025"]
[Site "Reykjavik"]
[Date "2025.04.13"]
[Round "6.142"]
[White "Jameson, Micah K"]
[Black "Termeulen, Albert"]
[Result "0-1"]
[WhiteElo "1726"]
[WhiteFideId "39971830"]
[BlackElo "1999"]
[BlackFideId "1002686"]
[Variant "Standard"]
[StudyName "ROpen 2025 - Rd6 - Boards 109-172"]
1. e4 Nf6 2. Nc3 d6 3. d4 g6 4. Nf3 Bg7 5. Be2 O-O 6. O-O c6 7. a4 Qc7 8. h3 Nbd7 9. Be3 b6 10. Qd2 Bb7 11. Rfe1 a6 12. Bh6 e5 13. Bxg7 Kxg7 14. dxe5 dxe5 15. Qg5 h6 16. Qe3 b5 17. b4 Rfe8 18. Nh2 Rac8 19. Ng4 Nxg4 20. Bxg4 h5 21. Bxh5 gxh5 22. Qg5+ Kf8 23. Qh6+ Ke7 24. axb5 axb5 25. Re3 Qd6 26. Qg5+ Qf6 27. Qxh5 Rg8 28. Ra7 Rg5 29. Qd1 Rb8 30. Ne2 Nf8 31. Ng3 Ne6 32. Rd3 Kf8 33. Rf3 Qd8 34. Rd3 Qb6 35. Qa1 Nf4 36. Rf3 Rd8 37. Qa2 Bc8 38. Kh2 Be6 39. Qa1 Rd2 40. Ra8+ Rd8 41. Ra6 Qb7 42. Ra7 Qc8 43. Rxf4 exf4 44. Qh8+ Rg8 45. Qh6+ Ke8 46. Nh5 Rd7 47. Rxd7 Kxd7 48. Nf6+ Kc7 49. Qxf4+ Kb7 50. Nxg8 Qxg8 51. g4 Qd8 52. c3 Qd3 53. Qe3 Qd6+ 54. f4 Qd7 55. Kg3 Bc4 56. Kh4 Qd8+ 57. g5 Qe8 58. Qd4 Ba2 59. Kg4 Bb1 60. e5 Qe6+ 61. Kg3 Ba2 62. h4 Bd5 63. h5 Qf5 64. h6 Be6 65. Kf2 Qg4 66. Qe3 Bd5 67. Qg3 Qd1 68. Qh2 Qf3+ 69. Kg1 Qxc3 70. g6 0-1

[Event "Reykjavik Open 2025"]
[Site "Reykjavik"]
[Date "2025.04.13"]
[Round "6.143"]
[White "Mrozowski, Nikodem"]
[Black "Pearce, Tim"]
[Result "0-1"]
[WhiteElo "1984"]
[WhiteFideId "41801733"]
[BlackElo "1762"]
[BlackFideId "3217833"]
[Variant "Standard"]
[StudyName "ROpen 2025 - Rd6 - Boards 109-172"]
1. e4 c6 2. d4 d5 3. Nc3 dxe4 4. Nxe4 Nf6 5. Nxf6+ exf6 6. Be3 Bd6 7. Bd3 O-O 8. Ne2 Na6 9. a3 Re8 10. O-O Nc7 11. c4 Bg4 12. Qc2 h5 13. Nc3 h4 14. h3 Bh5 15. Qb3 Qd7 16. d5 Be5 17. dxc6 Qxd3 18. cxb7 Rad8 19. Rad1 Qg6 20. Rxd8 Bf3 21. Rxe8+ Nxe8 22. g4 hxg3 23. Bg5 Qxg5 24. b8=Q gxf2+ 25. Kxf2 Qg3+ 26. Ke3 Bg2+ 27. Kd2 Bxb8 28. Rd1 Bxh3 29. Kc1 Bf5 30. Rd2 Bf4 31. Qd1 Qd3 32. c5 Bxd2+ 33. Qxd2 Qxd2+ 34. Kxd2 Kf8 35. Nb5 a6 36. Nd4 Be6 37. b4 Nc7 38. a4 Bc4 39. Nf5 Bb3 40. b5 axb5 41. a5 Bc4 42. Kc3 g6 43. Nd6 Bf1 44. c6 Bg2 45. Kb4 Bxc6 46. Kc5 Bf3 47. Kb6 Na8+ 0-1

[Event "Reykjavik Open 2025"]
[Site "Reykjavik"]
[Date "2025.04.13"]
[Round "6.144"]
[White "Aeschbacher, Gregoire"]
[Black "Raghu, Ram Reddy Seelam"]
[Result "0-1"]
[WhiteElo "1717"]
[WhiteFideId "651084821"]
[BlackElo "1984"]
[BlackFideId "25697331"]
[Variant "Standard"]
[StudyName "ROpen 2025 - Rd6 - Boards 109-172"]
1. e4 e5 2. Nf3 Nc6 3. Bb5 a6 4. Ba4 Nf6 5. Nc3 Bc5 6. O-O O-O 7. d3 d6 8. Bg5 h6 9. Bh4 Nd4 10. Nd5 g5 11. Nxd4 Nxd5 12. exd5 Bxd4 13. c3 Bb6 14. Bg3 f5 15. Qh5 Qf6 16. h4 f4 17. hxg5 hxg5 18. Bh2 Kg7 19. d4 Rh8 20. dxe5 dxe5 21. Qe2 g4 22. g3 f3 23. Qe1 Bf5 24. Qd2 Qg6 25. Qe1 e4 26. c4 Qh5 27. Qc3+ Kf7 28. Be8+ Raxe8 29. Qf6+ Kxf6 30. Rfc1 Qxh2+ 31. Kf1 Qxf2# 0-1

[Event "Reykjavik Open 2025"]
[Site "Reykjavik"]
[Date "2025.04.13"]
[Round "6.145"]
[White "Bathula, Abhinav Reddy"]
[Black "Moseley, Alan"]
[Result "1-0"]
[WhiteElo "1979"]
[WhiteFideId "35005693"]
[BlackElo "1760"]
[BlackFideId "30963311"]
[Variant "Standard"]
[StudyName "ROpen 2025 - Rd6 - Boards 109-172"]
1. Nf3 e6 2. g3 b6 3. Bg2 Bb7 4. d3 Nf6 5. O-O Be7 6. e4 d6 7. Nbd2 O-O 8. h3 Nbd7 9. Re1 e5 10. Nf1 Re8 11. g4 g6 12. Ng3 Nf8 13. c4 c5 14. Be3 Ne6 15. Qd2 Nd7 16. Kh2 Kh8 17. Rg1 Rg8 18. Raf1 g5 19. Nf5 Nf4 20. a3 a5 21. Ne1 Nf8 22. Bf3 N8e6 23. Bd1 Bc6 24. Bxf4 Nxf4 25. Nc2 Qc7 26. Nce3 f6 27. Rg3 Qd7 28. Rf3 Raf8 29. Rxf4 gxf4 30. Nd5 Bxd5 31. exd5 Rg5 32. Rg1 Rfg8 33. Nh6 R8g7 34. Bf3 f5 35. Nxf5 Rxf5 36. gxf5 Rxg1 37. Kxg1 Qxf5 38. Kh2 Bh4 39. Qe2 Qf6 40. Kg2 Qg6+ 41. Kf1 Qf5 42. Bg4 Qg6 43. Qf3 h6 44. Ke2 Kg7 45. Kd2 Qf6 46. Kc2 Kf7 47. Kb3 Qe7 48. Qe4 Ke8 49. Qg6+ Kd8 50. f3 Bg5 51. Qf5 Ke8 52. Ka4 Qc7 53. h4 Bxh4 54. Qh5+ 1-0

[Event "Reykjavik Open 2025"]
[Site "Reykjavik"]
[Date "2025.04.13"]
[Round "6.146"]
[White "Sharf, Sam"]
[Black "Heidarsson, Mikael Bjarki"]
[Result "0-1"]
[WhiteElo "1702"]
[WhiteFideId "39900380"]
[BlackElo "1973"]
[BlackFideId "2317532"]
[Variant "Standard"]
[StudyName "ROpen 2025 - Rd6 - Boards 109-172"]
1. d4 Nf6 2. c4 e6 3. Nf3 d5 4. g3 Nbd7 5. Bg2 dxc4 6. O-O c6 7. Nbd2 b5 8. a4 Bb7 9. e4 a6 10. Qc2 Be7 11. b3 cxb3 12. Qxb3 Nb8 13. a5 Nbd7 14. e5 Nd5 15. Ne4 c5 16. Bg5 c4 17. Bxe7 Qxe7 18. Qb1 O-O 19. Neg5 g6 20. h4 Nb4 21. Nxh7 Bxf3 22. Nxf8 Bxg2 23. Nxg6 fxg6 24. Kxg2 Qf7 25. Qe4 Nd5 26. Ra3 Kg7 27. f4 Qf5 28. Kf3 b4 29. Raa1 b3 30. Qe2 c3 31. Qc4 b2 32. Rab1 Rb8 33. Qa4 Qd3+ 34. Kf2 c2 35. Rfd1 cxd1=Q 36. Rxd1 Qxd1 0-1

[Event "Reykjavik Open 2025"]
[Site "Reykjavik"]
[Date "2025.04.13"]
[Round "6.147"]
[White "Deepak Ambattu, Rithvik"]
[Black "Villamar, Eros"]
[Result "1-0"]
[WhiteElo "1971"]
[WhiteFideId "2410060"]
[BlackElo "1747"]
[BlackFideId "2645866"]
[Variant "Standard"]
[StudyName "ROpen 2025 - Rd6 - Boards 109-172"]
1. e4 e6 2. d4 d5 3. Nd2 c5 4. Ngf3 Nc6 5. exd5 exd5 6. Bb5 Bd6 7. dxc5 Bxc5 8. O-O Ne7 9. Nb3 Bd6 10. Bg5 O-O 11. c3 f6 12. Bh4 a6 13. Bd3 Ne5 14. Bg3 Nxd3 15. Qxd3 Bf5 16. Qd2 Bxg3 17. hxg3 Qd6 18. Nfd4 Bg6 19. Rfe1 Bf7 20. Qf4 Qxf4 21. gxf4 Nc8 22. Nc5 Nd6 23. Re7 Rfe8 24. Rae1 Kf8 25. Nd7+ Kg8 26. Nb6 Rad8 27. R1e3 Ne4 28. Rxb7 Rb8 29. Rxb8 Rxb8 30. f3 Nd6 31. Na4 Be8 32. Nc5 Nc4 33. Re7 Nxb2 34. Nxa6 Rc8 35. Nf5 Bg6 36. Nxg7 Rxc3 37. Ne6 Re3 38. Nac5 d4 39. Rg7+ Kh8 40. Rb7 Re1+ 41. Kh2 Kg8 42. Rxb2 d3 43. Nd4 Rd1 44. Ncb3 Re1 45. Rd2 Re3 46. Kg3 Kf8 47. Kf2 Re7 48. f5 Bf7 49. Ne6+ Ke8 50. Rxd3 Bxe6 51. fxe6 Rxe6 52. Re3 1-0

[Event "Reykjavik Open 2025"]
[Site "Reykjavik"]
[Date "2025.04.13"]
[Round "6.148"]
[White "Halldorsson, Nirvaan"]
[Black "Johannsson, Markus Orri"]
[Result "0-1"]
[WhiteElo "1701"]
[WhiteFideId "2330016"]
[BlackElo "1969"]
[BlackFideId "2318539"]
[Variant "Standard"]
[StudyName "ROpen 2025 - Rd6 - Boards 109-172"]
1. d4 d5 2. c4 e6 3. Nc3 Nf6 4. Bg5 Be7 5. Nf3 h6 6. Bh4 O-O 7. e3 b6 8. Bd3 dxc4 9. Bxc4 Bb7 10. O-O Nbd7 11. Nd2 c5 12. dxc5 Nxc5 13. Nf3 a6 14. a4 Qc8 15. Qe2 Qc7 16. Rfd1 Rfd8 17. Nd4 Rac8 18. Rac1 Nxa4 19. Bxa6 Bxa6 20. Qxa6 Nxb2 21. Rf1 Nc4 22. Ncb5 Qc5 23. Nb3 Qb4 24. N5d4 Nd6 25. Qd3 Rxc1 26. Rxc1 Nf5 27. Bg3 Nxg3 28. hxg3 e5 29. Rc7 Bc5 30. Qc2 exd4 31. Nxd4 Bxd4 32. exd4 Qxd4 33. Qa2 Qd1+ 34. Kh2 Qd5 35. Qc2 Qh5+ 36. Kg1 Rd1+ 37. Qxd1 Qxd1+ 38. Kh2 0-1

[Event "Reykjavik Open 2025"]
[Site "Reykjavik"]
[Date "2025.04.13"]
[Round "6.149"]
[White "Estevez Sacristan, Deva"]
[Black "Eiriksson, Theodor"]
[Result "1-0"]
[WhiteElo "1958"]
[WhiteFideId "32041101"]
[BlackElo "1742"]
[BlackFideId "2322277"]
[Variant "Standard"]
[StudyName "ROpen 2025 - Rd6 - Boards 109-172"]
1. e4 d5 2. exd5 Qxd5 3. Nc3 Qd6 4. g3 Nf6 5. Bg2 c6 6. Nf3 Bf5 7. O-O Nbd7 8. d4 e6 9. Ne2 Be7 10. a3 Qc7 11. c4 O-O 12. h3 h6 13. Bf4 Bd6 14. Qb3 Bxf4 15. Nxf4 Qb6 16. Qxb6 Nxb6 17. Ne5 g5 18. c5 Nbd7 19. Nh5 Rfd8 20. Nxf6+ Nxf6 21. Rfd1 Be4 22. Bxe4 Nxe4 23. Nc4 Rd5 24. Ne3 Rd7 25. Kg2 Rad8 26. f3 Nf6 27. Nc2 Ne8 28. Rd3 Nc7 29. f4 f6 30. Re1 Kg7 31. Rb3 Na6 32. Rxe6 Rc7 33. Ne3 Kf7 34. Rd6 Rxd6 35. cxd6 Rd7 36. fxg5 hxg5 37. Nf5 c5 38. d5 c4 39. Re3 Nc5 40. Kf3 b5 41. h4 a5 42. h5 Nd3 43. Re7+ Rxe7 44. dxe7 b4 45. axb4 axb4 46. h6 c3 47. h7 Ne5+ 48. Ke2 1-0

[Event "Reykjavik Open 2025"]
[Site "Reykjavik"]
[Date "2025.04.13"]
[Round "6.150"]
[White "Storsanden, Aksel Larsen"]
[Black "Gudnyjarson, Sigurdur Pall"]
[Result "0-1"]
[WhiteElo "1676"]
[WhiteFideId "1542885"]
[BlackElo "1951"]
[BlackFideId "2321637"]
[Variant "Standard"]
[StudyName "ROpen 2025 - Rd6 - Boards 109-172"]
1. e4 c6 2. Nc3 d5 3. Nf3 Bg4 4. h3 Bxf3 5. Qxf3 e6 6. Be2 Nd7 7. d4 dxe4 8. Nxe4 Ndf6 9. Nxf6+ Nxf6 10. c3 Be7 11. O-O O-O 12. Bf4 Nd5 13. Bh2 Qb6 14. Rab1 Rfd8 15. Rfd1 a5 16. Bd3 a4 17. a3 Rd7 18. Qe4 Nf6 19. Qe2 Rad8 20. Bg3 Nd5 21. Qe4 g6 22. Qe2 Bf6 23. Be5 Bxe5 24. Qxe5 Qc7 25. Qe4 b5 26. Qe1 Nb6 27. Qe2 Rd6 28. Qe3 Qd7 29. Qe2 Nd5 30. Qe1 Nc7 31. Bc2 Qe7 32. Qe3 R8d7 33. Qe2 Qd8 34. Kf1 h5 35. g3 h4 36. Kg2 Nd5 37. Qe1 hxg3 38. fxg3 Qg5 39. Kf3 f5 40. Qd2 f4 41. Rg1 Rf7 42. Bxg6 Rf6 43. Qd3 fxg3+ 0-1